Chorrillos : (Record no. 5399)

000 -CABECERA
fixed length control field 01322nam a22002177a 4500
003 - IDENTIFICADOR DEL NÚMERO DE CONTROL
control field AR-CdUCM
008 - DATOS DE LONGITUD FIJA--INFORMACIÓN GENERAL
fixed length control field 190312b ||||| |||| 00| 0 spa d
040 ## - FUENTE DE LA CATALOGACIÓN
Agencia/entidad que catalogó originalmente la obra MUNICIPALIDAD PROVINCIAL DEL CUSCO
Entidad que transcribió la catalogación BIBLIOTECA MUNICIPAL DEL CUSCO
082 ## - NÚMERO DE LA CLASIFICACIÓN DECIMAL DEWEY
No. de Clasificación 985.23 /
Notacion interna B25
100 ## - ENTRADA PRINCIPAL--NOMBRE DE PERSONA
Nombre Personal Barrantes Arrese, Jorge
245 ## - MENCIÓN DE TÍTULO
Título Chorrillos :
Resto del título antología histórica /
260 ## - PUBLICACIÓN, DISTRIBUCIÓN, ETC.
Lugar de publicación, distribución, etc. Lima :
Nombre de la editorial, distribuidor, etc. Centro de Estudios Histórico Militares del Perú,
Fecha de publicación, distribución, etc. 1994.
300 ## - DESCRIPCIÓN FÍSICA
Nº de Páginas Extensión 67 páginas ;
Otros detalles físicos ilustraciones, retratos,
Dimensiones 21 cm.
440 ## - MENCIÓN DE SERIE/PUNTO DE ACCESO ADICIONAL--TÍTULO
Título Colección Historia y patria.
Número de la parte/sección de una obra 4
9 (RLIN) 16276
505 ## - NOTA DE CONTENIDO CON FORMATO
Nota de contenido formateada Contenido: 1823-1923, Recordando a José O. Laya / Germán Stiglich -- 1823 -- José Olaya Balandra, héroe Chorrillano / José Bernardo Tagle 1823 -- La aristocrática Chorrillos en los días de la Independencia Gabriel Lafond -- 1823-1824, Chorrillos, el Brighton de Lima / Robert Proctor -- 1834, Disfrutes de élite en Chorrillos / Eugene de Sartiges -- 1835, Flora Tristán en Chorrillos / Juan José Vega -- 1843, Chorrillos Baden-Baden del Perú, en las acuarelas de M. Rugendas / José Flores Araoz -- 1867, Chorrillos : pueblo predilecto de la aristocracia / Manuel A. Fuentes -- 1875, A Pachacamac, por Chorrillos ...
650 ## - PUNTO DE ACCESO ADICIONAL DE MATERIA--TÉRMINO DE MATERIA
Descriptor Chorrillos
9 (RLIN) 16277
650 ## - PUNTO DE ACCESO ADICIONAL DE MATERIA--TÉRMINO DE MATERIA
Descriptor Lima
9 (RLIN) 231
650 ## - PUNTO DE ACCESO ADICIONAL DE MATERIA--TÉRMINO DE MATERIA
Descriptor Perú
9 (RLIN) 35
942 ## - ELEMENTOS DE PUNTO DE ACCESO ADICIONAL (KOHA)
Fuente de clasificación
Tipo de item Libros-BMC
945 ## - PROCESAMIENTO DE INFORMACIÓN LOCAL (OCLC)
Catalogador achl
Holdings
Estado de retiro (separado) Fuente de clasificación o esquema de estanterías Estado dañado Ubicación Sala donde se ubica Nombre de la colección Fecha de adquisición o compra Costo, precio normal en soles Signatura topográfica Código de Barras Última vez visto (Koha) Tipo de ítem (Koha)
No     Sala Humanidades Sala Humanidades Book Cart 2019-03-12 10.00 985.23 / B25 SH0000005556 2019-03-12 Libros-BMC

Powered by Koha